Súčasné funkcie susedských skupín

Bibliographic Details
Main Author: Škovierová, Zita, 1952- (Author)
Format: Article
Language:Slovak
PhysicalDescription:Res. angl., lit. 36 zázn. v slov., češ., ruš., poľ.
Subjects:

MARC

LEADER 00000nab a2200000 a 4500
001 vtls000401175
003 SK-MaSNL
005 20260303160628.0
008 230223c1990 xo 0 slo
015 |a SNBRB19rr/mm-uuuuu 
035 |a CL0401299 
035 |a urn:nbn:sk:snk-ab9jx 
035 |a (urnnbn)urn:nbn:sk:snk:ar-a038ou 
035 |a (uuid)16901b8b-c321-454c-b765-728125ebac8d 
040 |a SNKBUCL  |b slo  |c SNKBUCL  |e AACR2 
041 0 |a slo 
044 |a xo  |c SK 
080 |a 392.7  |2 1981 
080 |a 394  |2 1981 
100 1 |a Škovierová, Zita,  |d 1952-  |4 aut  |9 182380 
245 1 0 |a Súčasné funkcie susedských skupín  |c Zita Škovierová 
300 |b Res. angl., lit. 36 zázn. v slov., češ., ruš., poľ. 
650 0 7 |a skupiny susedské (etn.)  |2 snkbucl  |9 1181654 
655 7 |a články z novín a časopisov  |2 snkbucl  |9 267496 
773 0 |t Slovenský národopis  |g Roč. 38, č. 1-2 (1990), s. 184-190 
850 |a Slovenská národná knižnica v Martine  |a MTA001 
852 |a SNK  |b KIS3GCP 
954 |a odborná, vedecká literatúra pôvodná (slovenská)  |2 lita 
958 |a NB 
958 |a RK 
958 |a OND 
958 |a EUIPO 
958 |a article27 
992 |a RBX 
999 |c 2046756  |d 2048686